Kyklos Internationale Zeitschrift für Sozialwissenschaften

Enregistré dans:
Détails bibliographiques
Format: Publication en série
Langue:allemand
Publié: Basel Kyklos-Verlag 1967
Tags: Ajouter un tag
Pas de tags, Soyez le premier à ajouter un tag!

MARC

LEADER 00000nas2a22000001 4500
001 0013613
005 20250730114319.5
022 |a 0023-5962 
041 0 |a ger 
044 |a CH 
245 1 0 |a Kyklos  |b Internationale Zeitschrift für Sozialwissenschaften 
264 1 |a Basel  |b Kyklos-Verlag  |c 1967 
300 |a 1 zv. 
773 0 |w eu_un_cat*s120900